[Event "3rd Szeged Cup"]
[Site "Szeged"]
[Date "2006.09.10"]
[Round "1"]
[White "Szonyi, Kata"]
[Black "Khurtsidze, Nino"]
[Result "0-1"]
[WhiteElo "2100"]
[BlackElo "2414"]
[PlyCount "60"]
[EventDate "2006.09.10"]

1. e4 c5 2. Nf3 Nc6 3. d4 cxd4 4. Nxd4 Qb6 5. Nb3 Nf6 6. Nc3 e6 7. Be3 Qc7 8.
Be2 Bb4 9. Bd2 O-O 10. f3 d5 11. exd5 Bxc3 12. Bxc3 Nxd5 13. Bd2 Rd8 14. Qc1
Qe5 15. Kf2 b6 16. c3 Bb7 17. Qc2 Rac8 18. Rad1 a5 19. Qb1 a4 20. Nc1 a3 21.
Bd3 axb2 22. Ne2 Qd6 23. Bxh7+ Kh8 24. h4 Qc5+ 25. Ke1 f5 26. Bg6 Ne3 27. Bxe3
Qxe3 28. f4 Rxd1+ 29. Qxd1 Ba6 30. Bh5 Bd3 0-1

[Event "3rd Szeged Cup"]
[Site "Szeged"]
[Date "2006.09.10"]
[Round "1"]
[White "Harsanyi, Kinga"]
[Black "Foisor, Cristina Adela"]
[Result "1/2-1/2"]
[WhiteElo "2087"]
[BlackElo "2393"]
[PlyCount "175"]
[EventDate "2006.09.10"]
[WhiteTeam "Ungarn"]
[BlackTeam "Rumaenien"]
[WhiteTeamCountry "HUN"]
[BlackTeamCountry "ROM"]

1. d4 g6 2. c4 Bg7 3. Nf3 Nf6 4. Nc3 O-O 5. g3 c6 6. Bg2 d6 7. O-O Bf5 8. b3
Ne4 9. Bb2 Nxc3 10. Bxc3 Be4 11. e3 Nd7 12. Qe2 Nf6 13. Rfd1 d5 14. Bf1 Bxf3
15. Qxf3 Ne4 16. Bb2 f5 17. Qe2 e6 18. f3 Nf6 19. Bg2 Qa5 20. Qc2 Rf7 21. Bc3
Qc7 22. Re1 Rd8 23. Rad1 Rfd7 24. c5 h5 25. f4 h4 26. Bf3 Kf7 27. Kf2 Rh8 28.
Rh1 Rdd8 29. Rdg1 hxg3+ 30. hxg3 Qb8 31. Qb1 b6 32. b4 bxc5 33. bxc5 Qb5 34.
Qxb5 cxb5 35. Ba5 Rc8 36. Rxh8 Rxh8 37. Rc1 Ne4+ 38. Kg2 Ke7 39. Be2 a6 40. Bb4
a5 41. Be1 b4 42. Rb1 Rb8 43. Bd3 Kd7 44. a3 bxa3 45. Rxb8 a2 46. Rb1 axb1=Q
47. Bxb1 a4 48. Bb4 Kc6 49. Bd3 Bf6 50. Kf3 g5 51. Kg2 g4 52. Be2 Bd8 53. Bd3
Bc7 54. Kh2 Nf6 55. Kg2 Nh5 56. Kf2 Nf6 57. Kg2 Bd8 58. Kh2 Ne8 59. Kg2 Nf6 60.
Kh2 Ng8 61. Kg2 Nh6 62. Kh2 Bc7 63. Kg2 Nf7 64. Kf2 Nd8 65. Ke2 Nb7 66. Kd2 Na5
67. Kc3 Bd8 68. Be2 Nb3 69. Kb2 Ba5 70. Bxa5 Nxa5 71. Ka3 Nb3 72. Kxa4 Nd2 73.
Bb5+ Kc7 74. Bd3 Nf3 75. Kb3 Ng1 76. Bf1 Nh3 77. Kc3 Nf2 78. Bg2 Nd1+ 79. Kd2
Nb2 80. Bf1 Kc6 81. Kc3 Nd1+ 82. Kd2 Nf2 83. Bg2 Kb5 84. Ke2 Ne4 85. Bxe4 fxe4
86. Kd2 Ka5 87. Kc3 Kb5 88. Kb3 1/2-1/2

[Event "3rd Szeged Cup"]
[Site "Szeged"]
[Date "2006.09.10"]
[Round "1"]
[White "Shadrina, Tatiana"]
[Black "Kozma, Edit"]
[Result "1-0"]
[WhiteElo "2389"]
[BlackElo "2086"]
[PlyCount "94"]
[EventDate "2006.09.10"]
[WhiteTeam "Russland"]
[BlackTeam "Ungarn"]
[WhiteTeamCountry "RUS"]
[BlackTeamCountry "HUN"]

1. e4 c5 2. Nf3 d6 3. d4 cxd4 4. Nxd4 Nf6 5. Nc3 a6 6. f4 e5 7. Nf3 Qc7 8. Bd3
Be7 9. O-O O-O 10. a4 Be6 11. Qe2 exf4 12. Bxf4 Nc6 13. Kh1 Ne5 14. Nd4 Bg4 15.
Qf2 Nxd3 16. cxd3 Qa5 17. Qd2 Qh5 18. Bg3 Rfd8 19. Nf5 Bf8 20. Bh4 Qg6 21. Ne3
Be7 22. Rf4 Be6 23. Raf1 Rd7 24. Nf5 Bxf5 25. Bxf6 Bxf6 26. Rxf5 Bxc3 27. Qxc3
Rad8 28. h3 h6 29. R1f4 Qe6 30. Rg4 g6 31. Rd5 h5 32. Rf4 Re7 33. Rf6 Qd7 34.
e5 Qxa4 35. Rfxd6 Qd1+ 36. Kh2 Rde8 37. Rd7 Rxd7 38. Rxd7 Qf1 39. d4 Qf4+ 40.
Qg3 Qxg3+ 41. Kxg3 Rb8 42. Kf4 b5 43. d5 a5 44. Ra7 a4 45. d6 Kf8 46. Kg5 Ke8
47. Kf6 Rc8 1-0

[Event "3rd Szeged Cup"]
[Site "Szeged"]
[Date "2006.09.10"]
[Round "1"]
[White "Gara, Anita"]
[Black "Erdos, Boglarka"]
[Result "1-0"]
[WhiteElo "2349"]
[BlackElo "2044"]
[PlyCount "83"]
[EventDate "2006.09.10"]
[WhiteTeam "Ungarn"]
[BlackTeam "Ungarn"]
[WhiteTeamCountry "HUN"]
[BlackTeamCountry "HUN"]

1. e4 e6 2. d4 d5 3. e5 c5 4. c3 Nc6 5. Nf3 Bd7 6. Be2 Nge7 7. Na3 cxd4 8. cxd4
Nf5 9. Nc2 Nb4 10. Nxb4 Bxb4+ 11. Kf1 O-O 12. h4 Rc8 13. Bd3 f6 14. g4 fxe5 15.
dxe5 Ne7 16. Ng5 h6 17. Nh7 Rf7 18. g5 Qb6 19. Rh2 Nf5 20. g6 Re7 21. Nf6+ Kf8
22. Nxd7+ Rxd7 23. Qg4 Qd4 24. Bxf5 Qxe5 25. Qxb4+ Ke8 26. Bxe6 Qxe6 27. Rg2
Re7 28. Be3 Rc4 29. Qb5+ Kd8 30. Rd1 Rd7 31. Bxa7 Kc8 32. Re1 Qf5 33. Rg3 Rd8
34. Qb3 Qf6 35. Qd3 Rf8 36. Qxd5 Rc6 37. Rd1 Rc7 38. Bd4 Qe7 39. Rc3 Rxc3 40.
Bxc3 Qxh4 41. Qe6+ Kb8 42. Qd6+ 1-0

[Event "3rd Szeged Cup"]
[Site "Szeged"]
[Date "2006.09.10"]
[Round "1"]
[White "Medvegy, Judit"]
[Black "Pokorna, Regina"]
[Result "0-1"]
[WhiteElo "2032"]
[BlackElo "2342"]
[PlyCount "96"]
[EventDate "2006.09.10"]
[WhiteTeam "Ungarn"]
[BlackTeam "Slovakei"]
[WhiteTeamCountry "HUN"]
[BlackTeamCountry "SVK"]

1. e4 e5 2. Nf3 Nc6 3. Bb5 a6 4. Bxc6 dxc6 5. O-O f6 6. d4 Bg4 7. dxe5 Qxd1 8.
Rxd1 fxe5 9. Rd3 Bd6 10. Bg5 Nf6 11. Nc3 O-O-O 12. h3 Be6 13. Rad1 Bc4 14. R3d2
Rde8 15. a3 Rhf8 16. Be3 b5 17. Ne1 a5 18. f3 Nd7 19. Nd3 a4 20. Nb4 Kb7 21.
Ne2 Be6 22. Nc1 Nb6 23. Bxb6 Bxb4 24. axb4 cxb6 25. Nd3 Bc8 26. Kf2 Rf7 27. Ke3
Rc7 28. c3 Be6 29. Nc1 c5 30. bxc5 bxc5 31. Rd6 Bc4 32. Nd3 Bxd3 33. Kxd3 Ra8
34. Ra1 Rc6 35. Rd7+ Kb6 36. Rxg7 Rd6+ 37. Kc2 b4 38. Rc1 b3+ 39. Kb1 Rd2 40.
Rxh7 Rad8 41. Rh6+ Ka5 42. Re6 Rxg2 43. Re7 Kb6 44. Re6+ Kb7 45. Re7+ Kb8 46.
Re6 Rdd2 47. Re8+ Kc7 48. Re7+ Kd6 0-1

[Event "3rd Szeged Cup"]
[Site "Szeged"]
[Date "2006.09.10"]
[Round "1"]
[White "Gara, Ticia"]
[Black "Ignacz, Rozsa"]
[Result "1-0"]
[WhiteElo "2309"]
[BlackElo "1998"]
[PlyCount "43"]
[EventDate "2006.09.10"]
[WhiteTeam "Ungarn"]
[BlackTeam "Ungarn"]
[WhiteTeamCountry "HUN"]
[BlackTeamCountry "HUN"]

1. e4 c6 2. d4 d5 3. exd5 cxd5 4. c4 Nf6 5. Nc3 Nc6 6. Bg5 dxc4 7. d5 Ne5 8.
Qd4 Nd3+ 9. Bxd3 cxd3 10. O-O-O Bf5 11. Nf3 h6 12. Bxf6 gxf6 13. Nh4 e5 14.
Rhe1 Be7 15. Qe3 Bh7 16. f4 O-O 17. f5 Kg7 18. Rxd3 Qd7 19. Qf3 Rg8 20. Qh5 Kh8
21. Qxh6 Rg5 22. Rh3 1-0

[Event "3rd Szeged Cup"]
[Site "Szeged"]
[Date "2006.09.10"]
[Round "1"]
[White "Rudolf, Anna"]
[Black "Tanacs, Anna"]
[Result "1-0"]
[WhiteElo "2249"]
[BlackElo "1890"]
[PlyCount "56"]
[EventDate "2006.09.10"]
[SourceDate "2006.09.10"]

1. e4 c6 2. c4 d5 3. exd5 cxd5 4. cxd5 Nf6 5. Nc3 Nxd5 6. d4 e6 7. Nf3 Nc6 8.
Bd3 Be7 9. O-O O-O 10. Re1 Nxc3 11. bxc3 Bf6 12. Qe2 Re8 13. Bf4 g6 14. Rad1
Bd7 15. Qb2 Qb6 16. Qa1 Qd8 17. Ne5 a6 18. Nc4 Na5 19. Nd6 Rf8 20. c4 Bc6 21.
Be5 b6 22. d5 Bxe5 23. Qxe5 exd5 24. cxd5 Bb5 25. Bxb5 axb5 26. Nxb5 Nc4 27.
Qf4 Nb2 28. Rd2 Ra4 1-0

[Event "3rd Szeged Cup"]
[Site "Szeged"]
[Date "2006.09.10"]
[Round "2"]
[White "Khurtsidze, Nino"]
[Black "Rudolf, Anna"]
[Result "1-0"]
[WhiteElo "2414"]
[BlackElo "2249"]
[PlyCount "129"]
[EventDate "2006.09.10"]
[WhiteTeam "Georgien"]
[BlackTeam "Ungarn"]
[WhiteTeamCountry "GEO"]
[BlackTeamCountry "HUN"]

1. d4 e6 2. c4 Nf6 3. Nf3 d5 4. cxd5 exd5 5. Bg5 c6 6. Qc2 h6 7. Bh4 Qa5+ 8.
Nc3 Ne4 9. Nd2 Bf5 10. Ndxe4 Bxe4 11. Qb3 Qb4 12. Qxb4 Bxb4 13. Rc1 Bf5 14. e3
Nd7 15. Be2 Nb6 16. O-O O-O 17. g4 Bg6 18. Bg3 Nc4 19. a3 Ba5 20. b4 Bb6 21.
Bxc4 dxc4 22. Rfe1 Bd3 23. Na4 Rfe8 24. Nb2 Re4 25. h3 Rae8 26. Nxd3 cxd3 27.
Red1 f6 28. Rxd3 Kf7 29. a4 a6 30. Kg2 R4e7 31. Bd6 Rd7 32. Bc5 Bc7 33. b5 cxb5
34. axb5 b6 35. Ba3 axb5 36. Rb1 Bd6 37. Rxb5 Bxa3 38. Rxa3 Rd6 39. Ra6 Rb8 40.
Ra7+ Kf8 41. h4 Rdd8 42. g5 hxg5 43. hxg5 Re8 44. g6 Re7 45. Ra6 Reb7 46. Kf3
Ke7 47. Ke4 Kd6 48. d5 Kc7 49. Ra1 Kd6 50. Rc1 Rc7 51. Rcb1 Rc4+ 52. Kd3 Rbc8
53. R1b3 Ke5 54. f4+ Kd6 55. e4 Rc1 56. Rxb6+ Ke7 57. Rb7+ Kd6 58. R3b6+ Kc5
59. Rb1 Rc4 60. Rxg7 f5 61. Re7 Kd6 62. Re6+ Kd7 63. Rb7+ Kd8 64. exf5 Rxf4 65.
g7 1-0

[Event "3rd Szeged Cup"]
[Site "Szeged"]
[Date "2006.09.10"]
[Round "2"]
[White "Olarasu, Gabriella"]
[Black "Vajda, Szidonia"]
[Result "1/2-1/2"]
[WhiteElo "2222"]
[BlackElo "2396"]
[PlyCount "23"]
[EventDate "2006.09.10"]
[WhiteTeam "Rumaenien"]
[BlackTeam "Ungarn"]
[WhiteTeamCountry "ROM"]
[BlackTeamCountry "HUN"]

1. d4 d5 2. c4 e6 3. Nf3 c5 4. cxd5 exd5 5. g3 Nc6 6. Bg2 Nf6 7. O-O Be7 8. Nc3
O-O 9. dxc5 Bxc5 10. Na4 Be7 11. Be3 Re8 12. Rc1 1/2-1/2

[Event "3rd Szeged Cup"]
[Site "Szeged"]
[Date "2006.09.10"]
[Round "2"]
[White "Schneider, Veronika"]
[Black "Shadrina, Tatiana"]
[Result "1/2-1/2"]
[WhiteElo "2195"]
[BlackElo "2389"]
[PlyCount "78"]
[EventDate "2006.09.10"]
[WhiteTeam "Ungarn"]
[BlackTeam "Russland"]
[WhiteTeamCountry "HUN"]
[BlackTeamCountry "RUS"]

1. e4 e5 2. Nf3 Nc6 3. d4 exd4 4. Nxd4 Bc5 5. Be3 Qf6 6. c3 Nge7 7. g3 O-O 8.
Bg2 Ne5 9. O-O Nc4 10. Bc1 d6 11. b3 Ne5 12. Kh1 N5c6 13. Be3 Bd7 14. Qd2 Qg6
15. Nb5 Bxe3 16. Qxe3 Rfc8 17. f4 Ne5 18. Nd4 Ng4 19. Qg1 c5 20. Nf3 Bc6 21.
Nbd2 f5 22. Rae1 Re8 23. e5 Rad8 24. Nc4 dxe5 25. Nfxe5 Bxg2+ 26. Qxg2 Nxe5 27.
Nxe5 Qb6 28. Rd1 h6 29. Qe2 Qe6 30. Qf3 Nc6 31. Nxc6 bxc6 32. Rxd8 Rxd8 33. Qf2
Qd5+ 34. Kg1 Re8 35. Re1 Re4 36. Rxe4 fxe4 37. Qe2 Kf7 38. Kf2 Kf6 39. Ke3 a5
1/2-1/2

[Event "3rd Szeged Cup"]
[Site "Szeged"]
[Date "2006.09.10"]
[Round "2"]
[White "Madl, Ildiko"]
[Black "Toth, Lili"]
[Result "1/2-1/2"]
[WhiteElo "2379"]
[BlackElo "2217"]
[PlyCount "46"]
[EventDate "2006.09.10"]
[WhiteTeam "Ungarn"]
[BlackTeam "Ungarn"]
[WhiteTeamCountry "HUN"]
[BlackTeamCountry "HUN"]

1. e4 e6 2. d4 d5 3. Nc3 Bb4 4. e5 c5 5. a3 Bxc3+ 6. bxc3 Ne7 7. Qg4 Qc7 8. Bd3
c4 9. Be2 Nf5 10. Nf3 Nc6 11. Nh4 Nce7 12. Nxf5 Nxf5 13. Qh3 Bd7 14. Bg5 Ba4
15. Ra2 h6 16. O-O Kd7 17. Bc1 h5 18. Rb2 Rae8 19. Qf3 Kc8 20. Re1 Bc6 21. Bf1
f6 22. Qe2 Qf7 23. f3 h4 1/2-1/2

[Event "3rd Szeged Cup"]
[Site "Szeged"]
[Date "2006.09.10"]
[Round "2"]
[White "Pokorna, Regina"]
[Black "Medvegyne Balogh, Emese"]
[Result "1-0"]
[WhiteElo "2342"]
[BlackElo "2145"]
[PlyCount "73"]
[EventDate "2006.09.10"]
[WhiteTeam "Slovakei"]
[BlackTeam "Ungarn"]
[WhiteTeamCountry "SVK"]
[BlackTeamCountry "HUN"]

1. e4 c5 2. Nf3 Nc6 3. d4 cxd4 4. Nxd4 Nf6 5. Nc3 e5 6. Ndb5 d6 7. Bg5 a6 8.
Na3 b5 9. Bxf6 gxf6 10. Nd5 f5 11. c3 Bg7 12. exf5 Bxf5 13. Nc2 O-O 14. Nce3
Be6 15. Bd3 f5 16. O-O Ne7 17. Nxe7+ Qxe7 18. Bxf5 Bc4 19. Qh5 Rxf5 20. Nxf5
Qf6 21. Nxg7 Bxf1 22. Ne8 Qe7 23. Nxd6 Bd3 24. Qf3 e4 25. Qg3+ Kh8 26. Qe5+
Qxe5 27. Nf7+ Kg7 28. Nxe5 Kf6 29. Nxd3 exd3 30. Kf1 Re8 31. Re1 Rd8 32. f3 Kf5
33. Kf2 h5 34. Ke3 Re8+ 35. Kd2 Rd8 36. Re4 Rg8 37. g3 1-0

[Event "3rd Szeged Cup"]
[Site "Szeged"]
[Date "2006.09.10"]
[Round "2"]
[White "Bolvary, Tamara"]
[Black "Harsanyi, Kinga"]
[Result "0-1"]
[WhiteElo "2104"]
[BlackElo "2087"]
[PlyCount "60"]
[EventDate "2006.09.10"]

1. e4 c5 2. Ne2 Nc6 3. c4 d6 4. Nbc3 g6 5. d4 cxd4 6. Nxd4 Bg7 7. Be3 Nf6 8. f3
O-O 9. Qd2 a6 10. Nc2 Be6 11. Nd5 Rc8 12. Nb6 Rb8 13. Rb1 Nd7 14. Nxd7 Qxd7 15.
Bh6 Qc7 16. Bxg7 Kxg7 17. a4 Rbc8 18. Be2 Qb6 19. Qc3+ Kg8 20. Ne3 Qb4 21. Qxb4
Nxb4 22. Kd2 Rc5 23. b3 a5 24. f4 f5 25. exf5 Bxf5 26. Nxf5 Rfxf5 27. g3 e5 28.
Bg4 Rf6 29. Rhf1 exf4 30. Rbe1 Re5 0-1

[Event "3rd Szeged Cup"]
[Site "Szeged"]
[Date "2006.09.10"]
[Round "2"]
[White "Tanacs, Anna"]
[Black "Szonyi, Kata"]
[Result "1/2-1/2"]
[WhiteElo "1890"]
[BlackElo "2100"]
[PlyCount "62"]
[SourceDate "2006.09.10"]

1. Nf3 Nf6 2. g3 g6 3. Bg2 Bg7 4. O-O d6 5. d4 c6 6. c4 O-O 7. Nc3 Bg4 8. e4
Nbd7 9. Be3 e5 10. h3 Bxf3 11. Bxf3 h6 12. Bg2 Kh7 13. Kh2 Qc7 14. Rc1 Ng8 15.
f4 Ne7 16. f5 Ng8 17. d5 c5 18. Nb5 Qb6 19. Qd2 a6 20. Nc3 Qc7 21. g4 g5 22.
Qf2 Bf6 23. a4 Bd8 24. Qe2 f6 25. Rh1 Ne7 26. h4 Kg7 27. h5 Nc8 28. Ra1 Na7 29.
Rhb1 a5 30. Nb5 Nxb5 31. cxb5 b6 1/2-1/2

[Event "3rd Szeged Cup"]
[Site "Szeged"]
[Date "2006.09.10"]
[Round "2"]
[White "Ruszin, Anna"]
[Black "Bartha, Agnes"]
[Result "1-0"]
[WhiteElo "2091"]
[BlackElo "1857"]
[PlyCount "87"]
[EventDate "2006.09.10"]
[SourceDate "2006.09.10"]

1. e4 c5 2. Nf3 e6 3. d4 cxd4 4. Nxd4 Nf6 5. Nc3 d6 6. Be2 e5 7. Nf3 Be7 8. O-O
h6 9. h3 Nc6 10. Be3 Be6 11. Qd2 d5 12. exd5 Nxd5 13. Nxd5 Bxd5 14. Rfd1 Be6
15. Qc3 Qc7 16. Bb5 O-O 17. Bxc6 Qxc6 18. Qxc6 bxc6 19. Nxe5 Rfc8 20. c3 a5 21.
Nd7 Rc7 22. Nc5 Bd5 23. b3 f5 24. Na4 Bf7 25. Bb6 Rb7 26. Rd3 Bh5 27. Re1 Kf7
28. Kf1 g5 29. f3 g4 30. fxg4 fxg4 31. Re5 Bg6 32. Rd2 gxh3 33. gxh3 Bg5 34.
Rf2+ Kg7 35. Rxa5 Bd3+ 36. Kg2 Re8 37. Bd4+ Kg6 38. Nc5 Be4+ 39. Nxe4 Rxe4 40.
Re5 Rh4 41. Re6+ Kh5 42. Rxc6 Be7 43. Bf6 Bxf6 44. Rcxf6 1-0

[Event "3rd Szeged Cup"]
[Site "Szeged"]
[Date "2006.09.11"]
[Round "3"]
[White "Albert, Kornelia"]
[Black "Pokorna, Regina"]
[Result "1/2-1/2"]
[WhiteElo "2120"]
[BlackElo "2342"]
[PlyCount "111"]
[EventDate "2006.09.11"]
[WhiteTeam "Ungarn"]
[BlackTeam "Slovakei"]
[WhiteTeamCountry "HUN"]
[BlackTeamCountry "SVK"]

1. e4 e5 2. Nf3 Nc6 3. Bb5 a6 4. Ba4 Nf6 5. O-O Be7 6. Re1 b5 7. Bb3 O-O 8. h3
d6 9. c3 Na5 10. Bc2 c5 11. d4 Qc7 12. Nbd2 cxd4 13. cxd4 Nc6 14. d5 Nb4 15.
Bb1 a5 16. a3 Na6 17. Bd3 Bd7 18. Nf1 Nc5 19. Bc2 Rfc8 20. Ng3 Qb7 21. Be3 Bd8
22. Nd2 Bb6 23. Kh1 Qa7 24. Nh5 Nxh5 25. Qxh5 Na4 26. Bxa4 bxa4 27. Nf3 Be8 28.
Qg4 Bxe3 29. Rxe3 Qd7 30. Qxd7 Bxd7 31. Rc3 Rxc3 32. bxc3 Rc8 33. Rc1 f5 34.
Nd2 Kf8 35. c4 fxe4 36. Nxe4 Ke7 37. Rc3 Bf5 38. f3 Bxe4 39. fxe4 Kd7 40. Kg1
Rb8 41. c5 Rb3 42. c6+ Kc8 43. Rf3 g6 44. Rf8+ Kc7 45. Rf7+ Kc8 46. Ra7 Rxa3
47. Rxa5 Ra2 48. Ra8+ Kc7 49. Ra7+ Kc8 50. Rxh7 Re2 51. Rh8+ Kc7 52. Rh7+ Kc8
53. Rh8+ Kc7 54. Rh7+ Kc8 55. Rh8+ Kc7 56. Rh7+ 1/2-1/2

[Event "3rd Szeged Cup"]
[Site "Szeged"]
[Date "2006.09.11"]
[Round "3"]
[White "Toth, Lili"]
[Black "Foisor, Cristina Adela"]
[Result "1-0"]
[WhiteElo "2217"]
[BlackElo "2393"]
[PlyCount "115"]
[EventDate "2006.09.11"]
[WhiteTeam "Ungarn"]
[BlackTeam "Rumaenien"]
[WhiteTeamCountry "HUN"]
[BlackTeamCountry "ROM"]

1. d4 Nf6 2. Nf3 g6 3. c4 Bg7 4. Nc3 O-O 5. e4 d6 6. Be2 Bg4 7. Be3 Nfd7 8. h3
Bxf3 9. Bxf3 Nc6 10. O-O e5 11. Ne2 Qf6 12. d5 Nd4 13. Bg4 Nc5 14. Nc3 h5 15.
Be2 Qh4 16. f3 f5 17. b4 Nd7 18. Qd2 Qe7 19. Nb5 c5 20. dxc6 Nxe2+ 21. Qxe2
bxc6 22. Nc3 Nf6 23. b5 Qc7 24. Rac1 f4 25. Bf2 Rfc8 26. Rfd1 Ne8 27. Qd3 Bf8
28. Kh1 g5 29. bxc6 Qxc6 30. Nd5 Kg7 31. Qc3 Kh6 32. h4 Qb7 33. hxg5+ Kg6 34.
g3 fxg3 35. Bxg3 h4 36. Bxh4 Qf7 37. Rf1 Nc7 38. f4 Nxd5 39. f5+ Kg7 40. exd5
Qh5 41. Qg3 Qe2 42. g6 Rc7 43. f6+ Kh8 44. Qf3 Qxf3+ 45. Rxf3 Bh6 46. Rc2 Kg8
47. f7+ Kf8 48. Bf6 Bg7 49. Rcf2 Rcc8 50. Bxg7+ Kxg7 51. f8=Q+ Rxf8 52. Rxf8
Rxf8 53. Rxf8 Kxf8 54. c5 dxc5 55. d6 c4 56. d7 Ke7 57. g7 Kxd7 58. g8=Q 1-0

[Event "3rd Szeged Cup"]
[Site "Szeged"]
[Date "2006.09.11"]
[Round "3"]
[White "Shadrina, Tatiana"]
[Black "Foisor, Sabina-Francesca"]
[Result "1/2-1/2"]
[WhiteElo "2389"]
[BlackElo "2292"]
[PlyCount "93"]
[EventDate "2006.09.11"]
[WhiteTeam "Russland"]
[BlackTeam "Rumaenien"]
[WhiteTeamCountry "RUS"]
[BlackTeamCountry "ROM"]

1. e4 c5 2. Nf3 g6 3. d4 Bg7 4. g3 d6 5. Bg2 Bg4 6. dxc5 Qa5+ 7. Bd2 Qxc5 8.
Nc3 Nd7 9. h3 Bxf3 10. Qxf3 Ne5 11. Qe3 Qxe3+ 12. Bxe3 Nc4 13. Bc1 Bxc3+ 14.
bxc3 Rc8 15. Rb1 b6 16. Rb4 Nf6 17. Bf1 Ne5 18. Bb5+ Ned7 19. Ra4 a5 20. Bd2
O-O 21. f3 Nc5 22. Ra3 d5 23. exd5 Nxd5 24. Ke2 Rfd8 25. Rb1 Ne6 26. Bd3 Rd6
27. Be4 Nf6 28. Bd3 Nd5 29. h4 Rdc6 30. c4 Nf6 31. Be3 Nd7 32. Rab3 Nec5 33.
Rb5 Rd6 34. g4 Na4 35. R1b3 Nac5 36. Rb1 Na4 37. Bd2 Ndc5 38. Be1 Rcd8 39. Rd1
Re6+ 40. Kf2 Red6 41. Ke2 Re6+ 42. Kf2 Rf6 43. Ke3 Re6+ 44. Kf2 Red6 45. Ke3
Re6+ 46. Kf2 Red6 47. Ke3 1/2-1/2

[Event "3rd Szeged Cup"]
[Site "Szeged"]
[Date "2006.09.11"]
[Round "3"]
[White "Harsanyi, Kinga"]
[Black "Madl, Ildiko"]
[Result "0-1"]
[WhiteElo "2087"]
[BlackElo "2379"]
[PlyCount "120"]
[EventDate "2006.09.11"]
[WhiteTeam "Ungarn"]
[BlackTeam "Ungarn"]
[WhiteTeamCountry "HUN"]
[BlackTeamCountry "HUN"]

1. d4 c5 2. Nf3 cxd4 3. Nxd4 d5 4. c3 e5 5. Nf3 Nc6 6. g3 Nf6 7. Bg2 Be7 8. O-O
O-O 9. Bg5 h6 10. Bxf6 Bxf6 11. Qb3 e4 12. Nfd2 Re8 13. Rd1 Qa5 14. Na3 Be6 15.
Qc2 Rac8 16. Nb3 Qb6 17. Qd2 Bg5 18. Qe1 Ne5 19. Rab1 a6 20. Nd4 Bg4 21. Qf1
Bd7 22. Bh3 Ng4 23. Nac2 Rcd8 24. Bxg4 Bxg4 25. f3 exf3 26. exf3 Bf5 27. Kh1
Bg6 28. Qg1 h5 29. h4 Bf6 30. Rd2 Re7 31. Nb3 Qc7 32. Re1 Rxe1 33. Qxe1 Bxc2
34. Rxc2 d4 35. Kg2 Rc8 36. c4 d3 37. Rd2 Qxc4 38. Qe3 Rd8 39. Qc5 Qe6 40. Qf2
Rd5 41. Nc1 Bd4 42. Qf1 Bxb2 43. Rxd3 Rxd3 44. Nxd3 Bd4 45. Nf4 Qxa2+ 46. Kh3
Qa1 47. Qg2 Qg1 48. Qxg1 Bxg1 49. Kg2 Be3 50. Nd5 Bd4 51. Kf1 Kf8 52. Ke2 Be5
53. g4 Bg3 54. gxh5 Bxh4 55. Kd3 Be7 56. Kc4 b5+ 57. Kb3 a5 58. Nc3 b4 59. Ne4
Kg8 60. Nd2 Bd8 0-1

[Event "3rd Szeged Cup"]
[Site "Szeged"]
[Date "2006.09.11"]
[Round "3"]
[White "Gara, Anita"]
[Black "Kozma, Edit"]
[Result "1/2-1/2"]
[WhiteElo "2349"]
[BlackElo "2086"]
[PlyCount "95"]
[EventDate "2006.09.11"]
[WhiteTeam "Ungarn"]
[BlackTeam "Ungarn"]
[WhiteTeamCountry "HUN"]
[BlackTeamCountry "HUN"]

1. e4 e5 2. Nf3 Nf6 3. Nxe5 d6 4. Nf3 Nxe4 5. Nc3 Nf6 6. d4 Be7 7. d5 O-O 8.
Be2 c5 9. h3 Bf5 10. Bd3 Bxd3 11. Qxd3 Na6 12. O-O Nb4 13. Qd2 Qd7 14. a3 Na6
15. Qd3 Nc7 16. Bg5 h6 17. Bh4 Rab8 18. Rfe1 a5 19. a4 Rfe8 20. Re2 Nh5 21.
Rxe7 Rxe7 22. Bxe7 Qxe7 23. g3 Qd7 24. Kg2 Re8 25. b3 Nf6 26. Rd1 g6 27. Nb5
Nxb5 28. axb5 b6 29. c4 Re7 30. Re1 Rxe1 31. Nxe1 Qe7 32. Nf3 Nd7 33. Nd2 f5
34. Kf1 Ne5 35. Qe3 Qg7 36. f4 Nf7 37. Qe8+ Qf8 38. Qe6 Kg7 39. Nf3 Qd8 40. g4
fxg4 41. hxg4 Qf6 42. f5 gxf5 43. gxf5 Ng5 44. Nxg5 hxg5 45. Qd7+ Kh6 46. Qe6
Kg7 47. Qd7+ Kh6 48. Qe6 1/2-1/2

[Event "3rd Szeged Cup"]
[Site "Szeged"]
[Date "2006.09.11"]
[Round "3"]
[White "Rudolf, Anna"]
[Black "Erdos, Boglarka"]
[Result "1-0"]
[WhiteElo "2249"]
[BlackElo "2044"]
[PlyCount "49"]
[EventDate "2006.09.11"]
[WhiteTeam "Ungarn"]
[BlackTeam "Ungarn"]
[WhiteTeamCountry "HUN"]
[BlackTeamCountry "HUN"]

1. e4 e6 2. d4 d5 3. Nd2 c5 4. exd5 Qxd5 5. Ngf3 cxd4 6. Bc4 Qd6 7. Qe2 Nf6 8.
Nb3 Nc6 9. Bg5 a6 10. O-O-O Qc7 11. Kb1 Bd7 12. Nbxd4 Nxd4 13. Rxd4 Bc5 14. Rd3
O-O-O 15. Ne5 Be8 16. Rhd1 Rxd3 17. Rxd3 Nd7 18. Bf4 Nxe5 19. Bxe5 Qc6 20. Bg3
Bb6 21. Qe5 Bc7 22. Qxg7 Qe4 23. a3 Qxc4 24. Qxh8 Qb5 25. Rc3 1-0

[Event "3rd Szeged Cup"]
[Site "Szeged"]
[Date "2006.09.11"]
[Round "3"]
[White "Medvegyne Balogh, Emese"]
[Black "Ignacz, Rozsa"]
[Result "1-0"]
[WhiteElo "2145"]
[BlackElo "1998"]
[PlyCount "39"]
[EventDate "2006.09.11"]
[WhiteTeam "Ungarn"]
[BlackTeam "Ungarn"]
[WhiteTeamCountry "HUN"]
[BlackTeamCountry "HUN"]

1. e4 c6 2. d4 d5 3. e5 Bf5 4. Nd2 e6 5. Nb3 Qc7 6. Nf3 h6 7. Be3 Nd7 8. Be2
Ne7 9. Rc1 Rc8 10. O-O Bh7 11. h3 Nf5 12. Bf4 Be7 13. Qd2 O-O 14. Kh1 c5 15. c4
dxc4 16. Bxc4 Qb6 17. d5 exd5 18. Qxd5 Rcd8 19. e6 Nf6 20. exf7+ 1-0

[Event "3rd Szeged Cup"]
[Site "Szeged"]
[Date "2006.09.11"]
[Round "3"]
[White "Kiss, Judit"]
[Black "Bali, Eszter"]
[Result "1-0"]
[WhiteElo "2118"]
[BlackElo "1958"]
[PlyCount "41"]
[EventDate "2006.09.12"]
[SourceDate "2006.09.13"]

1. e4 e6 2. d4 d5 3. e5 c5 4. c3 Nc6 5. Nf3 Bd7 6. a3 f6 7. Bd3 c4 8. Bc2 Qc7
9. O-O fxe5 10. Nxe5 Nxe5 11. Bf4 Bd6 12. dxe5 Be7 13. Qh5+ Kd8 14. Qf7 Nh6 15.
Qxg7 Nf7 16. Bxh7 Rf8 17. Nd2 Qb6 18. Bg8 Be8 19. Rad1 Kc7 20. Nf3 Qc5 21. Nd4
1-0

[Event "3rd Szeged Cup"]
[Site "Szeged"]
[Date "2006.09.11"]
[Round "3"]
[White "Medvegy, Judit"]
[Black "Baki, Peterne"]
[Result "0-1"]
[WhiteElo "2032"]
[BlackElo "2110"]
[PlyCount "86"]
[EventDate "2006.09.11"]

1. e4 e5 2. Nf3 Nc6 3. Bb5 a6 4. Bxc6 dxc6 5. O-O Bd6 6. d4 exd4 7. Qxd4 f6 8.
Re1 Be6 9. e5 Bxe5 10. Qe3 Qd6 11. Nxe5 fxe5 12. Qg5 Ne7 13. Qxg7 O-O-O 14. Bg5
Nf5 15. Qf6 Rhf8 16. Qxd8+ Rxd8 17. Bxd8 Qxd8 18. Nc3 Qf6 19. Rad1 Qg7 20. Ne4
Kb8 21. Ng3 Nxg3 22. hxg3 Bd5 23. b3 b5 24. Re3 h5 25. Rde1 h4 26. R1e2 Qg6 27.
Rxe5 hxg3 28. fxg3 Qxg3 29. R5e3 Qg6 30. Kf1 Qg5 31. g3 Kb7 32. Ke1 Qh6 33. Kd2
Qf6 34. c3 Qg6 35. Re1 Qf5 36. Kc1 Qg5 37. Kb2 Qg4 38. Kc1 a5 39. Kb2 a4 40.
Ka3 axb3 41. axb3 Qg8 42. Rb1 Qf8+ 43. b4 Qf2 0-1

[Event "3rd Szeged Cup"]
[Site "Szeged"]
[Date "2006.09.11"]
[Round "?"]
[White "Szonyi, Kata"]
[Black "Barcsi, Judit"]
[Result "1-0"]
[WhiteElo "2100"]
[BlackElo "2051"]
[PlyCount "59"]
[EventDate "2006.09.11"]
[SourceDate "2006.09.11"]

1. e4 c5 2. Nf3 d6 3. d4 cxd4 4. Nxd4 Nf6 5. f3 e5 6. Nb3 Be6 7. c4 a5 8. Be3
a4 9. N3d2 Qa5 10. Na3 Be7 11. Nb5 O-O 12. Be2 Rc8 13. O-O Ne8 14. Kh1 Nc6 15.
Rc1 Nc7 16. Nc3 Bd7 17. Nd5 Nxd5 18. exd5 Nb4 19. a3 Na6 20. f4 b5 21. fxe5
dxe5 22. Bh5 f5 23. Nf3 e4 24. Ne5 Qc7 25. Bf7+ Kh8 26. Bf4 Qd8 27. Qh5 g5 28.
Bg6 Qg8 29. Nf7+ Kg7 30. Qh6+ 1-0